000 00552pab a2200181 454500
008 180718b2014 xxu||||| |||| 00| 0 eng d
100 _aNiemann, Helen
245 _aProject management - Related software systems and their legal protection: Emergence, distribution, and relevance of business method patents
260 _c2014
300 _ap.38-54.
362 _aFeb-Mar
650 _aProject management
700 _aMeyer, Mey Mark
700 _aMoehrle, Martin G.
773 _aProject Management Journal
908 _aN
909 _a103920
999 _c103916
_d103916